| 000 | 00469nam a2200157 a 4500 | ||
|---|---|---|---|
| 001 | 000024467 | ||
| 005 | 20200930023204.0 | ||
| 008 | 110128s1967 dr a 000 0 spa d | ||
| 040 |
_aDO-SdBNP _bspa _cBNPHU |
||
| 082 |
_axxx _bP581 |
||
| 100 | 1 |
_aPiantini, F. Guillermo _950168 |
|
| 245 | 1 | 0 |
_aTeorĂa de los sistemas de fuerzas equivalentes / _cF, Guillermo Pintini. |
| 260 |
_aSanto Domingo : _bMontalvo, _c1967. |
||
| 300 |
_a33 p. : _bgraf. ; _c25 cm. |
||
| 049 | _aBNPD | ||
| 999 |
_c23960 _d23960 |
||